LIBRARY & INFORMATION CENTRE, KCAET, TAVANUR

ONLINE PUBLIC ACCESS CATALOGUE (OPAC)

Concise building encyclopaedia: Illustrated / (Record no. 8979)

MARC details
000 -LEADER
fixed length control field 00408cam a2200157ua 4500
041 ## - LANGUAGE CODE
Language code of text/sound track or separate title eng
082 ## - DEWEY DECIMAL CLASSIFICATION NUMBER
Classification number 030.69
Item number COR/CO
100 ## - MAIN ENTRY--AUTHOR NAME
Personal name Corkhill, T .
245 00 - TITLE STATEMENT
Title Concise building encyclopaedia: Illustrated /
250 ## - EDITION STATEMENT
Edition statement 3 /
260 ## - PUBLICATION, DISTRIBUTION, ETC. (IMPRINT)
Place of publication London :
Name of publisher Sir Isaac Pitman & Sons Ltd ,
Year of publication 1963.
300 ## - PHYSICAL DESCRIPTION
Number of Pages 366 ; .
942 ## - ADDED ENTRY ELEMENTS (KOHA)
Koha item type Books
Holdings
Withdrawn status Lost status Damaged status Home library Current library Date acquired Full call number Accession Number Koha item type
      KAUAET KAUAET 07/04/2012 030.69 3730 Reference
free website counter